The Indochinese peoples will win. (Record no. 163478)
[ view plain ]
| 000 -LEADER | |
|---|---|
| fixed length control field | 00687cam1a220020500 4500 |
| 001 - CONTROL NUMBER | |
| control field | lce00824002 |
| 008 - FIXED-LENGTH DATA ELEMENTS--GENERAL INFORMATION | |
| fixed length control field | 710412s1970 vn ab 000 0 eng |
| 010 ## - LIBRARY OF CONGRESS CONTROL NUMBER | |
| LC control number | 72273580 |
| 035 ## - SYSTEM CONTROL NUMBER | |
| System control number | (Sirsi) r104686 |
| 035 ## - SYSTEM CONTROL NUMBER | |
| System control number | (DLC) 72273580 |
| 035 ## - SYSTEM CONTROL NUMBER | |
| System control number | (UPRA)lce00824002 |
| 043 ## - GEOGRAPHIC AREA CODE | |
| Geographic area code | a-vt--- |
| 050 0# - LIBRARY OF CONGRESS CALL NUMBER | |
| Classification number | DS557.A6 |
| Item number | I543 |
| 245 04 - TITLE STATEMENT | |
| Title | The Indochinese peoples will win. |
| 260 ## - PUBLICATION, DISTRIBUTION, ETC. | |
| Place of publication, distribution, etc. | Hanoi, |
| Name of publisher, distributor, etc. | Foreign Languages Pub. House, |
| Date of publication, distribution, etc. | 1970. |
| 650 #0 - SUBJECT ADDED ENTRY--TOPICAL TERM | |
| Topical term or geographic name entry element | Vietnamese Conflict, 1961-1975 -- Congresses. |
| General subdivision | Vietnamese Conflict, 1961-1975 -- Congresses. |
| Linkage | S48051.1 |
| 949 ## - LOCAL PROCESSING INFORMATION (OCLC) | |
| a | DS557.A6 |
| w | lcc |
| i | -148757 |
| m | MAIN |
| t | BOOK |
| l | ON-SHELF |
| 949 ## - LOCAL PROCESSING INFORMATION (OCLC) | |
| a | DS557.A6 |
| w | lcc |
| i | -148758 |
| m | MAIN |
| t | BOOK |
| l | ON-SHELF |
No items available.